ბათუმის შოთა რუსთაველის სახელმწიფო უნივერსიტეტის ბიბლიოთეკა

შამილი და ქართველები / (ბიბ.ჩანაწერი № 54424)

000 -ლიდერი
ფიქსირებული სიგრძის საკონტროლო ველი 01978nam a2200325Ia 4500
001 - საკონტროლო ნომერი
საკონტროლო ველი 21480
003 - საკონტროლო ნომრის იდენტიფიკატორი
საკონტროლო ველი GE_BSU
005 - ბოლო ოპერაციის თარიღი და დრო
საკონტროლო ველი 20211122153248.0
008 - ფიქსირებული სიგრძის მონაცემთა ელემენტები - ზოგადი ინფორმაცია
ფიქსირებული სიგრძის საკონტროლო ველი 181216s2017||||ge |||||||||||||| ||geo||
020 ## - წიგნის საერთაშორისო სტანდარტული ნომერი
International Standard Book Number 9789941945793
040 ## - კატალოგიზაციის წყარო
Transcribing agency GE_BSU
041 ## - ენის კოდი
Language code of text/sound track or separate title geo
080 ## - უნივერსალური ათობითი კლასიფიკაციის ინდექსი
Universal Decimal Classification number 94(470.67)(092 შამილი) გ-97
100 ## - მთავარი ჩანაწერი - პიროვნების სახელი
Personal name გურული, ვახტანგ
9 (RLIN) 12999
245 ## - ცნობა სათაურის შესახებ
Title შამილი და ქართველები /
Statement of responsibility, etc ვახტანგ გურული, დარეჯან ობოლაძე ; რედაქტორი ლევან ჯიქია.
264 ## - წარმოების, გამოცემის, დისტრიბუციის და სხვა ცნობები
გამოცემის, წარმოების, დისტრიბუციის... ადგილი თბილისი :
გამოცემის, წარმოების, დისტრიბუციის... სახელწოდება ქართული უნ-ტის გამ-ბა,
გამოცემის, წარმოების, დისტრიბუციის... თარიღი 2017.
300 ## - ფიზიკური აღწერა
Extent 192 გვ. :
Other physical details ილ. ;
Dimensions 21 სმ.
500 ## - ზოგადი შენიშვნა
General note შენიშვნები გვ. : 184-189
546 ## - LANGUAGE NOTE
Language note თავფურცლის მე-3 გვერდი რუსულ ენაზე, მე-4 გვერდი ინგლისურ ენაზე
653 ## - INDEX TERM--UNCONTROLLED
Uncontrolled term Shamil and georgian's
653 ## - INDEX TERM--UNCONTROLLED
Uncontrolled term Шамиль и грузины
653 ## - INDEX TERM--UNCONTROLLED
Uncontrolled term საქართველო-დაღესტნის ურთიერთობის ისტორია
653 ## - INDEX TERM--UNCONTROLLED
Uncontrolled term საქართველოს ისტორია
653 ## - INDEX TERM--UNCONTROLLED
Uncontrolled term შამილი, იმამი, კავკასიის მთიელ ხალხთა მეთაური 1797-1871. საქართველოს ისტორია.
700 ## - ADDED ENTRY--PERSONAL NAME
Personal name ობოლაძე, დარეჯან
Relator term ავტორი
9 (RLIN) 13000
700 ## - ADDED ENTRY--PERSONAL NAME
Personal name ჯიქია, ლევან
Relator term რედაქტორი
9 (RLIN) 13001
710 ## - ADDED ENTRY--CORPORATE NAME
Corporate name or jurisdiction name as entry element საქართველოს საპატრიარქოს წმინდა ანდრია პირველწოდებულის სახელობის ქართული უნივერსიტეტი
9 (RLIN) 12984
942 ## - ADDED ENTRY ELEMENTS (KOHA)
Koha item type წიგნი
Source of classification or shelving scheme
ეგზემპლარები
ჩამოწერის სტატუსი დაკარგული ეგზემპლარის სტატუსი კლასიფიკაციის წყარო ან თაროზე გაწყობის სქემა დაზიანების სტატუსი არ გაიცემა მუდმივი მდებარეობა (დაცვის ადგილი) ამჟამინდელი ადგილსამყოფელი თაროზე განთავსების ადგილი შეძენის თარიღი ღირებულება, შესყიდვის ნორმალური ფასი სრული შენახვის შიფრი შტრიხკოდი ბოლო ოპერაციის თარიღი ეგზემპლარის მიმდევრობითი ნომერი (კეტერი?) ფასის ძალაში შესვლის თარიღი ეგზემპლარის სახეობა საჯარო შენიშვნა
          ბათუმის შოთა რუსთაველის სახელმწიფო უნივერსიტეტის მთავარი ბიბლიოთეკა ბათუმის შოთა რუსთაველის სახელმწიფო უნივერსიტეტის მთავარი ბიბლიოთეკა წიგნსაცავი 2018-12-17 8.00 94(470.67)(092 შამილი) გ-97 55458 2018-12-17 55458 2018-12-17 წიგნი 8.00 ₾.